Mario Kart Tracks By Random Facts - Statistics

General Stats
  • This quiz has been taken 23 times
  • The average score is 7 of 16
Answer Stats
Hint Answer % Correct
The only Rainbow Road to not be the last track of its respective cup. Rainbow Road (SNES)
87%
The only Tour track / nitro track from Mario Kart 8 to return in Mario Kart World Sky-High Sundae
67%
The only other circuit track to have a theme native to itself (All other circuit tracks within a Mario Kart game usually share the same theme.) Daisy Circuit
60%
The only NITRO track in Mario Kart 8 Deluxe to lack any gliding, underwater, or anti-gravity elements. Excitebike Arena
60%
The only track part of Mario Kart 7's Special cup to not return in Tour. DK Jungle
53%
Every time its appeared as a retro track in a future game, Yoshi Circuit has been remade alongside it. Baby Park
47%
The real Mario Circuit 3 (according to internal names) Mario Circuit 4
47%
Its remake in Mario Kart 8 references the 'Ultra Hand', a toy manufactured by Nintendo in the 1960's Mario Circuit (GBA)
47%
Every time its appeared as a retro track in a future game, Shy Guy Bazaar either debuted within said game, or has been remade alongside it in another. Airship Fortress
33%
Every time DK Mountain appeared as a retro track in a future game, it will return in the following game, and vice-versa. Dino Dino Jungle
33%
The actual first Mario Kart track to be shaped like a character. Luigi Circuit (GBA)
33%
Overhauled multiple times throughout the development of Mario Kart DS. Waluigi Pinball
33%
Holds the record for longest time period between its debut and its first reappearance as a retro track Wario Stadium
33%
Every time its appeared as a retro track in a future game, Peach Beach has been remade alongside it. Desert Hills
20%
Every time its appeared as a retro track in a future game, Maple Treeway & Kalimari Desert have been remade alongside it. Daisy Cruiser
13%
The only other track debuting in Mario Kart 64 to share its name with another track from Double Dash Kalimari Desert
7%
No matching quizzes found
Score Distribution
Percent of People with Each Score
Percentile by Number Answered
Your Score History
You have not taken this quiz